Statistics for Challenge Typing #14: Lightyears 2

Click here to take the quiz!

General Stats

  • This quiz has been taken 13 times
  • The average score is 17 of 21

Answer Stats

HintAnswer% Correct
20002000
100%
20012001
89%
20022002
89%
20032003
78%
20042004
78%
20052005
78%
20062006
78%
20072007
78%
20082008
78%
20092009
78%
20102010
78%
20112011
78%
20122012
78%
20132013
78%
20142014
78%
20152015
78%
20162016
78%
20172017
78%
20182018
78%
20192019
78%
20202020
78%

Score Distribution

Percentile by Number Answered

Percent of People with Each Score

Your Score History

You have not taken this quiz